000 00733nam a2200217 a 4500
001 000048830
005 20201002061435.0
008 190415s2016 pr 000 f spa d
020 _a9789945581683
040 _aDO-SdBNP
_bspa
_cBNPHU
082 _axxxxx
_bB618a
100 1 _aBird, Nancy,
_d1975-
_976286
245 1 0 _aAries point ; El viaje de Pleione :
_b(post)novela /
_cNancy Bird-Soto.
260 _aSan Juan, Puerto Rico :
_bIsla Negra Editores,
_c2016.
300 _a111 p. ;
_c22 cm.
490 1 _aLa montaña de papel
500 _aIncluye datos biográficos de la autora en la solapa de la cubierta
500 _aAries point Viaje de Pleione
590 _aInventariado, 2019/LP
830 0 _aLa montaña de papel
_91186
999 _c48318
_d48318